[Event "North American-ch Juniors Open U20 2020"]
[Site "Charlotte"]
[Date "2020.12.23"]
[Round "9.8"]
[White "Cervantes Landeiro, Thalia"]
[Black "Oberoi, Shelev"]
[Result "0-1"]
[WhiteElo "2311"]
[BlackElo "2133"]
[Annotator "TA"]
[PlyCount "116"]
[EventDate "2020.12.06"]
[EventType "swiss"]
[EventCountry "USA"]
[SourceTitle "playchess.com"]
[Source "ChessBase"]
[SourceQuality "1"]

{[%evp 9,116,29,39,39,39,47,51,44,58,49,73,75,76,38,82,69,77,78,78,80,71,73,117,63,52,52,61,0,0,0,0,0,0,0,20,0,0,-85,-76,-83,-92,-78,-87,-79,-93,-84,-8,-77,-72,-70,-77,-80,-85,-97,-56,-150,-158,-201,-197,-207,-208,-198,-166,-174,-177,-258,-224,-299,-234,-262,-251,-288,-275,-385,-381,-469,-435,-447,-446,-443,-435,-496,-500,-483,-474,-483,-416,-386,-404,-376,-327,-618,-618,-579,-579,-571,-4539,-2146,-2151,-966,-853,-29975,-29977,-29977,-29978,-29978,-29979,-29978,-29975]} 1. d4 Nf6 2. c4 d6 3. Nc3 e5 4. d5 Bf5 5. e3 {[#]} g6 $146 ({Predecessor:} 5... Nbd7 6. Nge2 Be7 7. Ng3 Bg6 8. Bd3 a5 9. O-O Nc5 10. e4 Qd7 11. f3 h5 12. Bc2 h4 {1-0 (45) Rodrigues,J (2125)-Felizes,P (1917) Penafiel 2020}) 6. Nge2 {A53: Old Indian Defence without Nf3.} Bg7 7. Ng3 Bc8 8. e4 {White is slightly better.} O-O 9. Bd3 h5 10. Bg5 Qe8 11. Qe2 c5 12. O-O Na6 13. a3 Nh7 14. Bd2 h4 15. Nh1 h3 16. f3 (16. g3 $16) 16... hxg2 $14 17. Qxg2 Qe7 18. Ng3 (18. Nf2 $14) 18... Qh4 $11 19. Qf2 Bh3 20. Nge2 Bf6 21. Rfd1 Ng5 22. f4 Qg4+ 23. Qg3 (23. Kh1 $1 $11 Qf3+ 24. Qxf3 Nxf3 25. Ng1) 23... Nf3+ $17 24. Kh1 Nxd2 25. Rxd2 exf4 26. Nxf4 Qxg3 27. hxg3 {[#]} Bg4 ({Black should play} 27... Bd7 $1 $17) 28. Kg2 (28. Nb5 $1 $11 {keeps the balance.}) 28... Nc7 {White is on the road to losing.} 29. Be2 Bd7 30. Nd3 Rfe8 31. Bf3 Kg7 32. Ne2 (32. Re1 $15) 32... b5 33. cxb5 Nxb5 34. Rc1 Rac8 35. Rdc2 Bg5 36. Ndf4 a5 37. Rc4 (37. a4 $142 Nc7 38. Nc3) 37... Rb8 $19 38. Rf1 Nc7 39. Rb1 f5 {...Bb5 is the strong threat.} 40. Nc3 Bf6 41. Nfe2 Nb5 42. exf5 Nxc3 43. Nxc3 Bxc3 44. Rxc3 Bxf5 45. Rd1 Rxb2+ 46. Kg1 a4 47. Rdc1 Reb8 48. g4 Bd7 49. Re3 Re8 50. Rce1 {[#]} (50. Rxe8 Bxe8 51. Re1) 50... Rxe3 51. Rxe3 {[%mdl 4096] Endgame Threatening Re7+. KRB-KRB} Kf6 52. Kf1 Rb3 53. Kf2 Rxe3 54. Kxe3 Ke5 55. Kd3 Kf4 {Black mates.} 56. Bd1 Bb5+ 57. Kc3 g5 58. Kd2 Ke4 {Weighted Error Value: White=0.46/Black=0.11} 0-1

[Event "North American-ch Juniors Open U20 2020"]
[Site "Charlotte"]
[Date "2020.12.23"]
[Round "9.9"]
[White "Chasin, Nico"]
[Black "Hamley, Ryan"]
[Result "1-0"]
[WhiteElo "2303"]
[BlackElo "2089"]
[Annotator "TA"]
[PlyCount "63"]
[EventDate "2020.12.06"]
[EventType "swiss"]
[EventCountry "USA"]
[SourceTitle "playchess.com"]
[Source "ChessBase"]
[SourceQuality "1"]

{[%evp 18,62,16,7,25,8,25,-24,-20,-52,-64,-84,-34,-24,54,58,102,102,131,133,129,135,132,136,126,126,133,119,258,274,258,264,577,579,12831,12832,12830,1377,29995,29996,29996,29997,29997,29998,29998,29999,29999]} 1. c4 Nf6 2. Nc3 e5 3. Nf3 Nc6 4. e4 d6 5. d4 exd4 6. Nxd4 g6 7. Nxc6 bxc6 8. g3 Bg7 9. Bg2 O-O 10. O-O Be6 {E72: King's Indian: 4 e4 d6 5 g3.} 11. Qd3 {[#]} Qc8 $146 ({Predecessor:} 11... Nd7 12. b3 Ne5 13. Qc2 Qf6 14. Bb2 Nf3+ 15. Kh1 Bg4 16. Na4 Qg5 17. Bxg7 Qh5 18. h4 Kxg7 {0-1 (32) Gomez Garcia,J (1936)-Baglan,E (1762) Kemer 2009}) 12. e5 Nd7 {Black has an edge.} 13. f4 Qa6 14. Qf3 Bxc4 15. Rd1 d5 (15... c5 $11) 16. Be3 Qa5 17. Rac1 Rfe8 18. b3 Ba6 19. Nxd5 cxd5 20. Rxd5 {[%mdl 64] Double Attack} Qxa2 {Hoping for ...Nb6.} (20... Bb5 $2 21. a4 $18) 21. Rxd7 Qxb3 22. Qf2 {Threatens to win with Bd5.} Bb7 {This move loses the game for Black.} (22... c6 $16) 23. Bxb7 $18 (23. Rdxc7 Bxg2 24. R1c3 (24. Kxg2 a5 $11) 24... Qb1+ 25. Kxg2 a5 $11) 23... Qxb7 24. Qa2 (24. Rdxc7 Qd5 $16) 24... Re6 $2 (24... Kh8 {is more resistant.} 25. Qxf7 Rg8) 25. Rcxc7 Qe4 26. Rxf7 Qxe3+ {[#]} 27. Kg2 $1 Bf8 {[#]} 28. Rg7+ $3 {[%mdl 576] Back Rank. White mates.} Bxg7 29. Qxe6+ Kh8 30. Rc8+ {[%mdl 64] Back Rank} Rxc8 31. Qxc8+ Bf8 32. Qxf8# {Weighted Error Value: White=0.06/Black=0.69} 1-0

[Event "North American-ch Juniors Open U20 2020"]
[Site "Charlotte"]
[Date "2020.12.23"]
[Round "9.10"]
[White "Kumar, Naman"]
[Black "Sandoval Mercado, Carlos"]
[Result "1-0"]
[WhiteElo "2115"]
[BlackElo "2298"]
[Annotator "TA"]
[PlyCount "110"]
[EventDate "2020.12.06"]
[EventType "swiss"]
[EventCountry "USA"]
[SourceTitle "playchess.com"]
[Source "ChessBase"]
[SourceQuality "1"]

{[%evp 19,110,0,8,0,29,30,64,64,82,80,83,81,76,87,118,45,47,46,55,34,17,14,33,0,0,0,14,22,63,63,63,63,63,32,63,30,25,-68,-70,-60,0,0,0,0,0,0,0,0,27,31,31,30,3777,-22,-27,-35,-61,-12825,-2932,-2932,-2854,-2854,-2483,-2483,-1858,-1799,-1723,-12836,-12831,-12832,-12830,-12833,-12833,-12833,-12834,-12834,-12835,-12835,-12834,-12833,-9796,-12835,-12835,-12843,-12843,-12844,-12844,-29988,-29989,-29989,-29990,-29990,-29991]} 1. e4 c5 2. Nf3 d6 3. d4 cxd4 4. Nxd4 Nf6 5. Nc3 a6 6. f3 e5 7. Nb3 h5 8. Be3 Be6 9. Qd2 Nbd7 10. O-O-O Rc8 11. Nd5 {B90: Sicilian Najdorf: Unusual White 6th moves, 6 Be3 Ng4 and 6 Be3 e5.} Bxd5 12. exd5 Qc7 13. Kb1 {White is slightly better.} Be7 14. c4 b6 {[#]} 15. Be2 $146 ({Predecessor:} 15. h3 h4 16. Be2 a5 17. Na1 Nc5 18. Nc2 Nh5 19. Rhe1 Ng3 20. Na3 Qd7 21. Bd3 {1-0 (46) Robson,R (2670)-Sjugirov,S (2662) chess24.com INT 2020}) 15... a5 16. Na1 Nc5 17. Bxc5 (17. Nc2 $16) 17... Qxc5 $14 18. Nc2 g6 19. h4 Bf8 20. Na3 Bh6 21. Qd3 O-O 22. Nb5 Bf4 23. Nc3 e4 24. Nxe4 Nxe4 25. fxe4 Be5 26. a3 Rc7 27. Rc1 Rfc8 {next ...b5! is good for Black.} 28. Rhf1 (28. a4 $11) 28... b5 $1 $15 {[%cal Rb5c4]} 29. Qd2 $1 (29. cxb5 $2 Qxc1+ 30. Rxc1 Rxc1+ 31. Ka2 R1c2 $19) 29... b4 (29... bxc4 $15 30. Rxc4 Qb6 31. Rxc7 Rxc7) 30. a4 $1 $11 b3 31. g4 hxg4 32. Bxg4 Rb8 {aiming for ...Rb4.} 33. h5 {Threatens to win with hxg6.} Rb4 34. hxg6 f5 35. Bxf5 Rxa4 $2 {[%mdl 8192] [#]} (35... Rxc4 $11 36. Be6+ Kg7 37. Rf7+ Rxf7 38. gxf7 Rxc1+ 39. Qxc1 Qxc1+ 40. Kxc1 Bf4+ 41. Kb1 Kf8) 36. Be6+ $2 (36. Qh6 $2 {is a self mate.} Ra1+ $3 {[%mdl 512]} 37. Kxa1 Qa3+ 38. Kb1 Qxb2#) ({White has to play} 36. Rc3 $1 $18 {Threatening mate with Qh6!} Qb4 {[%mdl 64] Pin} 37. Qh6 $1 (37. Be6+ Kg7 $17) 37... Ra1+ {[%mdl 64] Decoy} 38. Kxa1 Qa4+ 39. Kb1 Qa2+ 40. Kc1 Qa1+ 41. Kd2 Qxb2+ 42. Kd1 Qb1+ 43. Ke2 Qb2+ 44. Kf3 Qxc3+ 45. Kg2 Qg3+ 46. Kh1 Qh2+ 47. Qxh2 Bxh2 48. Kxh2 Rxc4 49. Kg3) 36... Kg7 37. Rc3 $1 {Qg2! would kill now.} Qb4 $40 {[%mdl 192] Pin. Black has some attack.} 38. Qg5 $2 {[%mdl 8192] [#] Black converts the advantage convincingly.} Ra1+ $3 $19 {[%mdl 576] Decoy, Clearance} 39. Kxa1 Qa4+ 40. Kb1 Qa2+ 41. Kc1 Qa1+ 42. Kd2 Qxf1 43. Qd8 Bxc3+ 44. bxc3 {[%mdl 4096] Endgame KQR-KQB} Qf2+ 45. Kd3 Qc2+ 46. Ke3 Qxc3+ {[%mdl 64] Double Attack} 47. Ke2 Qxc4+ 48. Kf3 Qc3+ ({Weaker is} 48... b2 49. Qg8+ Kf6 50. Qf8+ Kg5 51. Qf5+ Kh6 52. Qf8+ Kxg6 53. Qf5+ Kh6 54. Qf6+ Kh7 55. Bf5+ Kg8 56. Be6+ Kh7 57. Bf5+ {[%mdl 64] Discovered Attack} Kg8 58. Be6+ Kh7 $11) 49. Kg4 b2 50. Qg8+ Kh6 {( -> ...Qf6)} 51. Qf8+ {[#]} Qg7 $1 {[%cal Rg7f8]} 52. Qf4+ Kxg6 53. Qf5+ Kh6+ {Black mates.} 54. Kh4 Qe7+ 55. Kg4 b1=Q {[%mdl 32768] Weighted Error Value: White=0.87/Black=0.08. Loss on time!?} 1-0